<?xml version="1.0" encoding="UTF-8"?>
<record
    xmlns:xsi="http://www.w3.org/2001/XMLSchema-instance"
    xsi:schemaLocation="http://www.loc.gov/MARC21/slim http://www.loc.gov/standards/marcxml/schema/MARC21slim.xsd"
    xmlns="http://www.loc.gov/MARC21/slim">

  <leader>01138nam a2200241 i 4500</leader>
  <controlfield tag="001">bg</controlfield>
  <datafield tag="245" ind1="0" ind2="0">
    <subfield code="a">Kultura pogranicza - pogranicze kultur =</subfield>
    <subfield code="b">=Kul'tura pograni&#x10D;'ja - pograni&#x10D;'e kul'tur /</subfield>
    <subfield code="c">red. nauk. Adam Bobryk ; Siedleckie Stowarzyszenie Spo&#x142;eczno-Kulturalne "Brama", Wy&#x17C;sza Szko&#x142;a Humanistyczna im. Aleksandra Gieysztora.</subfield>
  </datafield>
  <datafield tag="246" ind1="1" ind2="1">
    <subfield code="a">Kul'tura pograni&#x10D;'ja - pograni&#x10D;'e kul'tur</subfield>
  </datafield>
  <datafield tag="260" ind1=" " ind2=" ">
    <subfield code="a">Siedlce :</subfield>
    <subfield code="b">Siedleckie Stowarzyszenie Spo&#x142;eczno-Kulturalne "Brama" ;</subfield>
    <subfield code="a">Pu&#x142;tusk :</subfield>
    <subfield code="b">Wy&#x17C;sza Szko&#x142;a Humanistyczna im. Aleksandra Gieysztora,</subfield>
    <subfield code="c">2005.</subfield>
  </datafield>
  <datafield tag="300" ind1=" " ind2=" ">
    <subfield code="a">269 s. :</subfield>
    <subfield code="b">il. ;</subfield>
    <subfield code="c">21 cm.</subfield>
  </datafield>
  <datafield tag="500" ind1=" " ind2=" ">
    <subfield code="a">Tekst cz&#x119;&#x15B;c. ros. Streszcz. ros., pol. przy pracach.</subfield>
  </datafield>
  <datafield tag="504" ind1=" " ind2=" ">
    <subfield code="a">Bibliogr. selektywna publ. pol. po&#x15B;wi&#x119;conych problematyce pogranicza i to&#x17C;samo&#x15B;ci narodowej s. 253-260.</subfield>
  </datafield>
  <datafield tag="650" ind1=" " ind2="9">
    <subfield code="a">Regiony przygraniczne</subfield>
    <subfield code="x">kultura</subfield>
    <subfield code="z">Europa &#x15A;rodkowo-Wschodnia</subfield>
  </datafield>
  <datafield tag="700" ind1="1" ind2=" ">
    <subfield code="a">BOBRYK, Adam.</subfield>
    <subfield code="e">Red.</subfield>
  </datafield>
  <datafield tag="015" ind1=" " ind2=" ">
    <subfield code="a">PB 4961/2006</subfield>
  </datafield>
  <datafield tag="020" ind1=" " ind2=" ">
    <subfield code="a">8389709546 (WSH)</subfield>
  </datafield>
  <datafield tag="040" ind1=" " ind2=" ">
    <subfield code="c">BPK</subfield>
  </datafield>
  <datafield tag="041" ind1="0" ind2=" ">
    <subfield code="a">polrus</subfield>
    <subfield code="b">ruspol</subfield>
  </datafield>
  <datafield tag="080" ind1=" " ind2=" ">
    <subfield code="a">316.7(4-191.2-11)</subfield>
  </datafield>
  <datafield tag="920" ind1=" " ind2=" ">
    <subfield code="a">83-89709-54-6 (WSH)</subfield>
  </datafield>
  <datafield tag="942" ind1=" " ind2=" ">
    <subfield code="c">KS</subfield>
  </datafield>
  <controlfield tag="008">      s        pl     f     |000 0 pol  </controlfield>
  <datafield tag="999" ind1=" " ind2=" ">
    <subfield code="c">52626</subfield>
    <subfield code="d">52626</subfield>
  </datafield>
  <datafield tag="952" ind1=" " ind2=" ">
    <subfield code="0">0</subfield>
    <subfield code="1">0</subfield>
    <subfield code="4">0</subfield>
    <subfield code="7">0</subfield>
    <subfield code="a">BPK</subfield>
    <subfield code="b">BPK</subfield>
    <subfield code="c">w</subfield>
    <subfield code="o">81253</subfield>
    <subfield code="p">02347233</subfield>
    <subfield code="y">KS</subfield>
  </datafield>
</record>
